Irregular spanish verbs - Statistics

General Stats
  • This quiz has been taken 57 times
  • The average score is 80 of 126
Answer Stats
Hint Answer % Correct
yo saber
98%
él ser es
95%
yo ser soy
95%
tú ser eres
93%
nosotros ser somos
93%
ellos ser son
93%
ella estar está
91%
tú estar estás
91%
yo estar estoy
91%
uds. ver ven
91%
ud. dar da
88%
nosotros dar damos
88%
tú dar das
88%
nosotros estar estamos
88%
ellas estar están
88%
él ir va
88%
nosotros ir vamos
88%
ellos ir van
88%
tú ir vas
88%
ud. ver ve
88%
yo ir voy
88%
tú saber sabes
86%
yo dar doy
86%
nosotros pensar pensamos
86%
él pensar piensa
86%
tú pensar piensas
86%
yo pensar pienso
86%
ella saber sabe
86%
nosotros saber sabemos
86%
ellas saber saben
86%
nosotros ver vemos
86%
uds. dar dan
84%
ellos pensar piensan
81%
ella preferir prefiere
81%
ellas preferir prefieren
81%
tú ver ves
81%
yo entender entiendo
79%
nosotros querer queremos
79%
ud. querer quiere
79%
yo querer quiero
79%
yo ver veo
79%
yo volver vuelvo
79%
él entender entiende
77%
ellos entender entienden
77%
tú preferir prefieres
77%
yo preferir prefiero
77%
uds. querer quieren
77%
yo almorzar almuerzo
74%
tú entender entiendes
74%
nosotros preferir preferimos
74%
tú querer quieres
74%
nosotros volver volvemos
74%
él volver vuelve
74%
tú volver vuelves
74%
ud. almorzar almuerza
72%
tú almorzar almuerzas
72%
nosotros entender entendemos
72%
nosotros almorzar almorzamos
70%
uds. almorzar almuerzan
67%
ellos volver vuelven
67%
ella jugar juega
65%
ellas jugar juegan
65%
tú jugar juegas
65%
yo jugar juego
65%
nosotros jugar jugamos
63%
yo despertarse me despierto
63%
yo dormirse me duermo
63%
vosotros pensar pensáis
58%
ella poder puede
58%
ellas poder pueden
58%
tú poder puedes
58%
yo poder puedo
58%
ella despertarse se despierta
58%
tú despertarse te despiertas
58%
nosotros dormirse nos dormimos
56%
nosotros poder podemos
56%
ella dormirse se duerme
56%
ud. sentir siente
56%
yo sentir siento
56%
tú dormirse te duermes
56%
vosotros ir vais
56%
vosotros dar dais
53%
nosotros despertarse nos despertamos
53%
ellas despertarse se despiertan
53%
uds. sentir sienten
53%
vosotros estar estáis
51%
ellas dormirse se duermen
51%
nosotros sentir sentimos
51%
tú sentir sientes
51%
nosotros servir servimos
49%
vosotros ver veis
49%
nosotros pedir pedimos
47%
vosotros querer queréis
47%
vosotros saber sabéis
47%
yo pedir pido
44%
nosotros repetir repetimos
44%
ud. servir sirve
44%
tú servir sirves
44%
yo servir sirvo
44%
él pedir pide
42%
tú pedir pides
42%
vosotros entender entendéis
40%
vosotros jugar jugáis
40%
ellos pedir piden
40%
ud. repetir repite
40%
tú repetir repites
40%
yo repetir repito
40%
uds. servir sirven
40%
vosotros ser sois
40%
vosotros almorzar almorzáis
37%
vosotros preferir preferís
37%
uds. repetir repiten
37%
vosotros volver volvéis
37%
yo vestirse me visto
35%
él vestirse se viste
35%
nosotros vestirse nos vestimos
33%
tú vestirse te vistes
33%
vosotros poder podéis
30%
vosotros sentir sentís
28%
vosotros servir servís
28%
ellos vestirse se visten
28%
vosotros pedir pedís
23%
vosotros despertarse os despertáis
21%
vosotros dormirse os dormís
19%
vosotros repetir repetís
16%
vosotros vestirse os vestís
12%
No matching quizzes found
Score Distribution
Percent of People with Each Score
Percentile by Number Answered
Your Score History
You have not taken this quiz